<?xml version="1.0" encoding="UTF-8"?><?xml-stylesheet type="text/xsl" href="static/style.xsl"?><OAI-PMH xmlns="http://www.openarchives.org/OAI/2.0/" xmlns:xsi="http://www.w3.org/2001/XMLSchema-instance" xsi:schemaLocation="http://www.openarchives.org/OAI/2.0/ http://www.openarchives.org/OAI/2.0/OAI-PMH.xsd"><responseDate>2026-04-17T16:21:03Z</responseDate><request verb="GetRecord" identifier="oai:www.recercat.cat:11351/13823" metadataPrefix="marc">https://recercat.cat/oai/request</request><GetRecord><record><header><identifier>oai:recercat.cat:11351/13823</identifier><datestamp>2025-10-24T11:00:05Z</datestamp><setSpec>com_2072_451665</setSpec><setSpec>com_2072_378040</setSpec><setSpec>col_2072_451666</setSpec></header><metadata><record xmlns="http://www.loc.gov/MARC21/slim" xmlns:dcterms="http://purl.org/dc/terms/" xmlns:xsi="http://www.w3.org/2001/XMLSchema-instance" xmlns:doc="http://www.lyncode.com/xoai" xsi:schemaLocation="http://www.loc.gov/MARC21/slim http://www.loc.gov/standards/marcxml/schema/MARC21slim.xsd">
   <leader>00925njm 22002777a 4500</leader>
   <datafield ind2=" " ind1=" " tag="042">
      <subfield code="a">dc</subfield>
   </datafield>
   <datafield ind2=" " ind1=" " tag="720">
      <subfield code="a">Ruiz de Leon, Patricia</subfield>
      <subfield code="e">author</subfield>
   </datafield>
   <datafield ind2=" " ind1=" " tag="720">
      <subfield code="a">Gomez Pallarès, Marta</subfield>
      <subfield code="e">author</subfield>
   </datafield>
   <datafield ind2=" " ind1=" " tag="720">
      <subfield code="a">Ciscar Bellés, Ana</subfield>
      <subfield code="e">author</subfield>
   </datafield>
   <datafield ind2=" " ind1=" " tag="720">
      <subfield code="a">Sánchez Sáez, Emma</subfield>
      <subfield code="e">author</subfield>
   </datafield>
   <datafield ind2=" " ind1=" " tag="720">
      <subfield code="a">Vila-Tura, Marina</subfield>
      <subfield code="e">author</subfield>
   </datafield>
   <datafield ind2=" " ind1=" " tag="720">
      <subfield code="a">Troyano Escribano, Daniel</subfield>
      <subfield code="e">author</subfield>
   </datafield>
   <datafield ind2=" " ind1=" " tag="720">
      <subfield code="a">Badia, Josep M</subfield>
      <subfield code="e">author</subfield>
   </datafield>
   <datafield ind2=" " ind1=" " tag="260">
      <subfield code="c">2025-10-10T12:29:33Z</subfield>
   </datafield>
   <datafield ind2=" " ind1=" " tag="260">
      <subfield code="c">2025-10-10T12:29:33Z</subfield>
   </datafield>
   <datafield ind2=" " ind1=" " tag="260">
      <subfield code="c">2024-12</subfield>
   </datafield>
   <datafield ind2=" " ind1=" " tag="520">
      <subfield code="a">Prophylactic mesh; Hernia; Laparoscopic trocar-site</subfield>
   </datafield>
   <datafield ind2=" " ind1=" " tag="520">
      <subfield code="a">Malla profilàctica; Hèrnia; Lloc de tròcar laparoscòpic</subfield>
   </datafield>
   <datafield ind2=" " ind1=" " tag="520">
      <subfield code="a">Malla profiláctica; Hernia; Sitio de trocar laparoscópico</subfield>
   </datafield>
   <datafield ind2=" " ind1=" " tag="520">
      <subfield code="a">Purpose: Trocar site incisional hernia (TSIH) is a common complication of laparoscopic surgery. In the scientific literature there are few descriptions of methods or tools for its prevention. The aim of this report was to assess the effectiveness and safety of a prophylactic measure designed to lower rates of TSIH.&#xd;
Methods: A multicenter randomized double-blinded clinical trial was performed in high-risk patients (diabetes mellitus and/or age ≥ 70 years and/or BMI ≥ 30 kg/m2 and/or extended incision for specimen retrieval) who underwent either elective or emergency laparoscopic cholecystectomy. Patients were assigned to prophylactic onlay polypropylene mesh fixation (intervention) or to standard trocar closure (control). The main aim was to analyze the efficacy of the intervention, taking occurrence of TSIH as the primary outcome. Clinical and radiological follow up lasted at least one year after surgery. Secondary endpoints were technique-related complications (surgical site occurrences).&#xd;
Results: One hundred and forty-three patients were randomized and finally 116 were analyzed (64 in the intervention arm and 52 in the control arm). Groups were homogeneous. Mean [SD] age, 65 [18] years; 86 (60.6%) were women. The cumulative TSIH incidence was lower in the intervention group although the differences did not reach statistical significance, assessed either radiologically (16 [25.4%] vs 17 [31.5%], p = 0.538) or clinically (9 [16.1%] vs 9 [20], p = 0.613). No differences in surgical site infection, hematoma or seroma were detected. Mean follow-up was 670 days (range 223-1294).&#xd;
Conclusion: Our results show that, when properly assessed, the overall TSIH incidence is extremely high. Although polypropylene onlay mesh placement is safe, it does not appear to be effective in reducing the TSIH incidence rate. Radiological evaluation may be more accurate.</subfield>
   </datafield>
   <datafield ind2=" " ind1=" " tag="520">
      <subfield code="a">This study was funded by Beca per a la Investigació de la Societat Catalana de Cirurgia 2017.</subfield>
   </datafield>
   <datafield ind1="8" ind2=" " tag="024">
      <subfield code="a">http://hdl.handle.net/11351/13823</subfield>
   </datafield>
   <datafield tag="653" ind2=" " ind1=" ">
      <subfield code="a">Hèrnia</subfield>
   </datafield>
   <datafield tag="653" ind2=" " ind1=" ">
      <subfield code="a">Laparoscòpia</subfield>
   </datafield>
   <datafield tag="653" ind2=" " ind1=" ">
      <subfield code="a">Cirurgia - Complicacions</subfield>
   </datafield>
   <datafield tag="653" ind2=" " ind1=" ">
      <subfield code="a">ANALYTICAL, DIAGNOSTIC AND THERAPEUTIC TECHNIQUES, AND EQUIPMENT::Equipment and Supplies::Surgical Equipment::Surgical Mesh</subfield>
   </datafield>
   <datafield tag="653" ind2=" " ind1=" ">
      <subfield code="a">DISEASES::Pathological Conditions, Signs and Symptoms::Pathologic Processes::Postoperative Complications</subfield>
   </datafield>
   <datafield tag="653" ind2=" " ind1=" ">
      <subfield code="a">DISEASES::Pathological Conditions, Signs and Symptoms::Pathological Conditions, Anatomical::Hernia::Incisional Hernia</subfield>
   </datafield>
   <datafield tag="653" ind2=" " ind1=" ">
      <subfield code="a">TÉCNICAS Y EQUIPOS ANALÍTICOS, DIAGNÓSTICOS Y TERAPÉUTICOS::equipos y suministros::equipo quirúrgico::mallas quirúrgicas</subfield>
   </datafield>
   <datafield tag="653" ind2=" " ind1=" ">
      <subfield code="a">ENFERMEDADES::afecciones patológicas, signos y síntomas::procesos patológicos::complicaciones posoperatorias</subfield>
   </datafield>
   <datafield tag="653" ind2=" " ind1=" ">
      <subfield code="a">ENFERMEDADES::afecciones patológicas, signos y síntomas::afecciones patológicas anatómicas::hernia::eventración</subfield>
   </datafield>
   <datafield ind2="0" ind1="0" tag="245">
      <subfield code="a">Assessment of the effectiveness of a polypropylene onlay mesh in the prevention of laparoscopic trocar-site incisional hernia in high-risk patients. A randomized clinical trial</subfield>
   </datafield>
</record></metadata></record></GetRecord></OAI-PMH>